| 000 | 01236naa a22003137a 4500 | ||
|---|---|---|---|
| 001 | BR7310687 | ||
| 003 | BR-BrBNA | ||
| 005 | 20240918173518.0 | ||
| 007 | ta | ||
| 008 | 230509b bl.||||| |||| 00| 0 por d | ||
| 040 |
_aBR-BrBNA _bpor _cBiblioteca Nacional de Agricultura |
||
| 041 | _a(Pt) | ||
| 072 |
_aH20 _b2120 _b4120 |
||
| 090 | _aH20 BR7310687 | ||
| 100 | 1 | _aMusumeci, M.R. | |
| 100 | 1 | _aMoraes, W.B.C. | |
| 100 | 1 | _aStaples, R.C. | |
| 111 | 1 |
_a1. Congresso Brasileiro sobre Pragas e Doencas do Cafeeiro _cVitoria, ES (Brazil) _d4 Jul 1973 |
|
| 245 | 1 | _aEvidencia de um auto-inibidor da germinacao nos uredosporos de Hemileia vastatrix [ferrugem, cafe] | |
| 260 | 3 |
_aRio de Janeiro, GB (Brasil): _c1973. |
|
| 500 | _aResumos dos trabalhos apresentados no 1. Congresso Brasileiro sobre Pragas e Doencas do Cafeeiro Rio de Janeiro, GB (Brasil): 1973. p. 5 (BR7310687-AM)H20 | ||
| 650 | _aCAFE | ||
| 650 | _aFERRUGEM | ||
| 650 | _aUREDOSPORO | ||
| 650 | _aINIBIDOR DE GERMINACAO | ||
| 773 | 0 |
_tResumos dos trabalhos apresentados no 1. Congresso Brasileiro sobre Pragas e Doencas do Cafeeiro _wH20 BR7310687 _gRio de Janeiro, GB (Brasil), 1973. p. 5 |
|
| 909 |
_a202404 _bLucia _c55 _dLucia Elande |
||
| 942 |
_cAM _2AGRIS |
||
| 999 |
_c305098 _d305098 |
||